banner-ar

بنو خطاب بن عبدالجبار التدميرى : اسرة من المولدين بمرسيه فى العصر الاسلامى / (Record no. 31494)

MARC details
000 -الفاتح
حقل البيانات ثابتة الطول 00555nam a2200145Ia 4500
008 - عناصر البيانات ثابتة الطول - معلومات عامة
حقل البيانات ثابتة الطول 140319s9999 xx 000 0 ara d
040 ## - مصدر الفهرسة
وكالة الفهرسة الأصلية GCL /
وكالة النسخ GCL
082 04 - رقم تصنيف ديوى العشرى
رقم التصنيف 953.0715
رقم المادة س ب
100 1# - المدخل الرئيسى - إسم شخصى
الإسم الشخصى سحر السيد عبدالعزيز سالم
245 10 - بيان العنوان
العنوان بنو خطاب بن عبدالجبار التدميرى : اسرة من المولدين بمرسيه فى العصر الاسلامى /
بيان المسئوليه,etc سحر السيد عبدالعزيز سالم
260 ## - PUBLICATION, DISTRIBUTION, ETC. (IMPRINT)
تاريخ النشر أو التوزيع 1989
300 ## - الوصف المادى
التعداد 99
490 ## - بيان السلسلة
عنوان السلسلة
260 ## - PUBLICATION, DISTRIBUTION, ETC. (IMPRINT)
-- [S.N] :
-- مؤسسة شباب الجامعة ،
Holdings
حالة التراجع حالة الفقد حالة تلف ليس للاعارة المكان المؤقت الموقع الحالى تاريخ الاكتساب اجمالي اﻻعارات رقم الطلب الباركود تاريخ اخر مشاهدة تاريخ تفعيل السعر نوع وعاء كوها
        مكتبة القاهرة الكبرى مكتبة القاهرة الكبرى 03/26/2014   953.0715\س ب 73761 03/26/2014 03/26/2014 كتاب
        مكتبة القاهرة الكبرى مكتبة القاهرة الكبرى 03/26/2014   953.0715\س ب 73762 03/26/2014 03/26/2014 كتاب

Powered By

EGPV